00491 2200193 4500001002100000005001500021008004100036035002000077082000800097084001400105100001300119245006200132250000600194260004700200300001200247650001400259990001200273990001200285INLIS00000000000025720240503073103240503 0 ind  a0010-0424000233 a520 a520 TIM s aTIM LOPI1 aStrategi Jitu Menjuarai OSN Astronomi Jilid 1 /cTIM LOPI a1 aJakarta :bPT. Bina Prestasi Insani,c2017 a214 hlm 4aNon Fiksi a0732382 a0732383